[Event "Sabadell Diada blitz op 16th"]
[Site "Sabadell"]
[Date "2019.09.11"]
[Round "1"]
[White "Bru Gibert, Rafael"]
[Black "Valdes Romero, Leonardo"]
[Result "1/2-1/2"]
[WhiteElo "1917"]
[BlackElo "2424"]
[PlyCount "114"]
[EventDate "2019.09.11"]
[EventType "swiss (blitz)"]
[EventRounds "9"]
[EventCountry "ESP"]
[SourceTitle "EXT 2020"]
[Source "ChessBase"]
[SourceDate "2019.10.17"]
[SourceVersion "1"]
[SourceVersionDate "2019.10.17"]
[SourceQuality "1"]

1. e4 d6 2. d3 Nf6 3. f4 e5 4. Nf3 Nbd7 5. Be2 Be7 6. 0-0 0-0 7. Nc3 c6 8. Kh1 b5 9. a3 a5 10. d4 exf4 11. Bxf4 Bb7 12. Bd3 b4 13. axb4 axb4 14. Ne2 c5 15. e5 dxe5 16. dxe5 Nd5 17. Qd2 Rxa1 18. Rxa1 Nxf4 19. Qxf4 Nb6 20. Qg4 g6 21. Ng3 Kh8 22. Ne4 c4 23. Be2 Qd7 24. Qxd7 Nxd7 25. Ra7 Bxe4 26. Rxd7 Re8 27. Bxc4 Bf5 28. Rc7 Bd8 29. Rxf7 Bxc2 30. e6 Bf5 31. Nd4 Bb6 32. Nxf5 gxf5 33. Rxf5 Bd8 34. g4 Be7 35. b3 h6 36. Kg2 Bh4 37. Rf7 Bg5 38. Kg3 Be7 39. h3 Bd6+ 40. Kf3 Rf8 41. Ke4 Rxf7 42. exf7 Kg7 43. Kf5 Be7 44. Kf4 Bd6+ 45. Kf3 Be7 46. Kg3 Bd6+ 47. Kh4 Be7+ 48. Kh5 Bd6 49. h4 Be7 50. g5 hxg5 51. hxg5 Bd6 52. g6 Be7 53. Bd3 Bf8 54. Kg4 Bd6 55. Kf5 Be7 56. Ke6 Bf8 57. Bc2 Bc5 1/2-1/2

[Event "Barcelona Vila de Gracia op 6th"]
[Site "Barcelona"]
[Date "2012.11.02"]
[Round "5"]
[White "Bru Gibert, Rafael"]
[Black "Ramirez Garcia, Jorge Alberto"]
[Result "0-1"]
[WhiteElo "1938"]
[BlackElo "2236"]
[PlyCount "82"]
[EventDate "2012.09.28"]
[EventType "swiss"]
[EventRounds "9"]
[EventCountry "ESP"]
[SourceTitle "EXT 2015"]
[Source "ChessBase"]
[SourceDate "2014.11.20"]
[SourceVersion "1"]
[SourceVersionDate "2014.11.20"]
[SourceQuality "1"]

1. e4 d5 2. exd5 Qxd5 3. d4 Nf6 4. Nf3 Bg4 5. Be2 e6 6. 0-0 Nc6 7. c4 Qf5 8. Be3 Bd6 9. Nc3 0-0 10. Nb5 Rfd8 11. Nh4 Qh5 12. Bxg4 Qxh4 13. Nxd6 Nxg4 14. Bf4 cxd6 15. Qd2 e5 16. Bg3 Qh5 17. d5 Nd4 18. Rae1 Rac8 19. b3 b6 20. h3 Nh6 21. f4 Qg6 22. Bh4 f6 23. fxe5 dxe5 24. Kh2 Qh5 25. Bg3 Ndf5 26. Qd3 Nxg3 27. Qxg3 Nf5 28. Qd3 Nd6 29. Qg3 Qg6 30. Qe3 h6 31. Rf3 Qg5 32. Qf2 e4 33. Rg3 Qe5 34. Kh1 f5 35. Rg6 Re8 36. Qh4 Kh7 37. Qh5 e3 38. Re2 Ne4 39. Rxe3 Nf2+ 40. Kg1 Qxe3 41. Qxf5 Nxh3+ 0-1